[Event "China zt 3.5 2014"]
[Site "Zhongshan CHN"]
[Date "2014.10.29"]
[Round "4.15"]
[White "Yu, Kaifeng"]
[Black "Chu, Wei Chao"]
[Result "0-1"]
[WhiteTitle "FM"]
[BlackTitle "IM"]
[WhiteElo "2123"]
[BlackElo "2369"]
[WhiteFideId "8609667"]
[BlackFideId "8605661"]
[EventDate "2014.10.26"]

1. d4 g6 2. c4 Bg7 3. Nc3 d6 4. e4 Nc6 5. Be3 e5 6. d5 Nce7 7. Bd3 f5 8. f3 Nf6
9. Nge2 O-O 10. Qd2 c6 11. h3 cxd5 12. cxd5 Bd7 13. g4 fxe4 14. fxe4 b5 15. g5
Nh5 16. Nxb5 Nf4 17. Nec3 Rb8 18. Bf1 Nc8 19. Rg1 Bxb5 20. Nxb5 Qd7 21. Nc3 Nb6
22. b3 Rbc8 23. O-O-O Rxc3+ 24. Qxc3 Rc8 25. Qxc8+ Qxc8+ 26. Kb2 Nxh3 27. Rg3
Nf4 28. Rc1 Qf8 29. Bb5 h5 30. Rh1 Qb8 31. Ka1 Kh7 32. Bc6 Nc8 33. a3 Qxb3 34.
Bf2 Qc2 35. Be1 Ne2 0-1

[Event "China zt 3.5 2014"]
[Site "Zhongshan CHN"]
[Date "2014.10.29"]
[Round "4.16"]
[White "Yuan, Qingyu"]
[Black "Wang, Jiaqi"]
[Result "1-0"]
[WhiteElo "2358"]
[BlackElo "1844"]
[WhiteFideId "8609772"]
[BlackFideId "8609128"]
[EventDate "2014.10.26"]

1. e4 c5 2. Nf3 d6 3. d4 cxd4 4. Nxd4 Nf6 5. Nc3 a6 6. Bc4 e6 7. Bb3 Nbd7 8. Bg5
Qa5 9. Qd2 Be7 10. O-O-O Nc5 11. Rhe1 O-O 12. Kb1 Qc7 13. f4 h6 14. Bxf6 Bxf6
15. g4 b5 16. g5 hxg5 17. fxg5 Be5 18. Nf3 Bb7 19. Nxe5 dxe5 20. a3 Rad8 21. Qg2
Rxd1+ 22. Rxd1 Rd8 23. Rxd8+ Qxd8 24. g6 Qf6 25. gxf7+ Kxf7 26. Qg1 Qe7 27. Qg4
Qf6 28. Qg1 Qe7 29. Qf2+ Ke8 30. Qe2 Kd7 31. Qg4 Kc7 32. Ba2 Kd6 33. b4 Nd7 34.
Kb2 Nf6 35. Qg1 Qc7 36. Qg6 Bc6 37. Bb3 Qb7 38. Qg1 Qc7 39. Qc5+ Kd7 40. Qf8
Nxe4 41. Qxg7+ Kd6 42. Qg6 1-0

[Event "China zt 3.5 2014"]
[Site "Zhongshan CHN"]
[Date "2014.10.29"]
[Round "4.17"]
[White "Xiang, Zeyu"]
[Black "Yang, Jie"]
[Result "1-0"]
[WhiteElo "2107"]
[BlackElo "2325"]
[WhiteFideId "8608547"]
[BlackFideId "8602336"]
[EventDate "2014.10.26"]

1. d4 d5 2. c4 c6 3. cxd5 cxd5 4. Bf4 Nc6 5. e3 Nf6 6. Nc3 Bf5 7. Qb3 Qd7 8. Nf3
e6 9. Ne5 Qc8 10. Bb5 Nd7 11. O-O Ndxe5 12. Bxe5 a6 13. Bxc6+ Qxc6 14. Rfc1 Rc8
15. Qd1 Qd7 16. Na4 Rc6 17. Rxc6 bxc6 18. Qb3 f6 19. Bg3 Kf7 20. Rc1 Be7 21. Qb6
Bd3 22. Rxc6 Rc8 23. Rxc8 Qxc8 24. Nc3 Qd7 25. a3 Bd8 26. Qd6 Qc8 27. Qb8 Qd7
28. Bd6 Kg6 29. h3 h6 30. f4 Kh7 31. Bc5 Bc7 32. Qb7 Qd8 33. Qc6 Bf5 34. Qxa6 e5
35. fxe5 fxe5 36. Qf1 Qg5 37. Nxd5 Bxh3 38. Be7 Qg6 39. Nxc7 Bxg2 40. Qxg2 Qb1+
41. Kh2 Qf5 42. Bh4 exd4 43. exd4 Qf4+ 44. Bg3 Qxd4 45. Ne6 Qd1 46. Qe4+ Kg8 47.
Qf5 Qd2+ 48. Qf2 1-0

[Event "China zt 3.5 2014"]
[Site "Zhongshan CHN"]
[Date "2014.10.29"]
[Round "4.18"]
[White "Wang, Chen"]
[Black "Huang, Zhi"]
[Result "1-0"]
[WhiteTitle "IM"]
[WhiteElo "2508"]
[BlackElo "2107"]
[WhiteFideId "8601020"]
[BlackFideId "8608920"]
[EventDate "2014.10.26"]

1. e4 e6 2. Qe2 c5 3. g3 Nc6 4. Nf3 g6 5. Bg2 Bg7 6. O-O Nf6 7. d3 d6 8. c3 O-O
9. Rd1 Qe7 10. d4 e5 11. dxc5 dxc5 12. Na3 b6 13. Nc2 h6 14. Ne3 Na5 15. Nd2 Be6
16. Nf3 Ne8 17. h4 Rd8 18. Re1 Nc7 19. b3 Nc6 20. h5 Kh7 21. Qc2 b5 22. Bb2 b4
23. Nf5 gxf5 24. exf5 Kh8 25. fxe6 Nxe6 26. Qe4 Qc7 27. cxb4 cxb4 28. Rac1 Rc8
29. Nh4 Ned8 30. Nf5 Qd7 31. Red1 Qe6 32. Rd6 1-0

[Event "China zt 3.5 2014"]
[Site "Zhongshan CHN"]
[Date "2014.10.29"]
[Round "4.19"]
[White "Liu, Yan"]
[Black "Lan, Zilun"]
[Result "1-0"]
[WhiteElo "2364"]
[BlackElo "2147"]
[WhiteFideId "8608962"]
[BlackFideId "8604193"]
[EventDate "2014.10.26"]

1. d4 g6 2. c4 Bg7 3. Nc3 d6 4. e4 e5 5. dxe5 Bxe5 6. Nge2 Nc6 7. Be3 Bg7 8. f3
Nf6 9. Qd2 a6 10. Nf4 O-O 11. Be2 Rb8 12. O-O Bd7 13. b3 Ne5 14. Rad1 Bc6 15.
Ncd5 Nxd5 16. Nxd5 Bxd5 17. Qxd5 Qc8 18. f4 Nc6 19. c5 dxc5 20. Qxc5 Qe6 21. e5
Rfd8 22. Bf3 Bf8 23. Qc2 f6 24. Bxc6 bxc6 25. Bd4 Rb5 26. Bb2 Rc5 27. Qe2 Rcd5
28. Qc4 fxe5 29. Bxe5 Bd6 30. Bb2 Re8 31. Bd4 c5 32. Rde1 Qxe1 33. Rxe1 Rxe1+
34. Kf2 c6 35. Kxe1 cxd4 36. Qxc6 Bb4+ 37. Kd1 Rb5 38. Qxa6 1-0

[Event "China zt 3.5 2014"]
[Site "Zhongshan CHN"]
[Date "2014.10.29"]
[Round "4.20"]
[White "Bai, Jinshi"]
[Black "Teng, Jiarong"]
[Result "1-0"]
[WhiteTitle "IM"]
[WhiteElo "2406"]
[BlackElo "2092"]
[WhiteFideId "8602280"]
[BlackFideId "8609977"]
[EventDate "2014.10.26"]

1. d4 d5 2. c4 c6 3. cxd5 cxd5 4. Bf4 Nf6 5. Nc3 Qb6 6. e3 Qxb2 7. Bb5+ Bd7 8.
Bxd7+ Nbxd7 9. Nge2 a6 10. Rb1 Qa3 11. Rxb7 e6 12. O-O Be7 13. e4 dxe4 14. d5 e5
15. Bc1 Qa5 16. Bg5 Bd6 17. Bxf6 Nxf6 18. Ng3 Qxc3 19. Nxe4 Nxe4 20. Qa4+ Kf8
21. Qd7 Ng5 22. Qxd6+ Kg8 23. Rb8+ Qc8 24. Rxc8+ Rxc8 25. Qd7 Rf8 26. Rc1 h6 27.
Rc8 g6 28. Rxf8+ Kxf8 29. Qd6+ Kg7 30. Qxe5+ f6 31. Qe7+ Nf7 32. d6 Rb8 33. Kf1
Rb5 34. d7 Rd5 35. f4 g5 36. g3 gxf4 37. gxf4 Rd2 38. Ke1 Rd4 39. Ke2 f5 40. Kf3
Rd3+ 41. Kf2 Rd2+ 42. Kg3 Rd3+ 43. Kh4 Rd2 44. h3 Rd3 45. Qe6 Kf8 46. Kh5 Rd6
47. Qxd6+ 1-0

[Event "China zt 3.5 2014"]
[Site "Zhongshan CHN"]
[Date "2014.10.29"]
[Round "4.21"]
[White "Xu, Xiangyu"]
[Black "Peng, Hongchi"]
[Result "1/2-1/2"]
[WhiteElo "2152"]
[BlackElo "2144"]
[WhiteFideId "8608288"]
[BlackFideId "8609047"]
[EventDate "2014.10.26"]

1. f4 d5 2. Nf3 Nf6 3. g3 Bg4 4. Bg2 Nbd7 5. O-O h5 6. Ne5 e6 7. Qe1 Bd6 8. d4
Bf5 9. c3 h4 10. Nd2 hxg3 11. hxg3 Be4 12. Nxe4 Nxe4 13. Be3 Ndf6 14. Bf3 Rh3
15. Bf2 g5 16. Kg2 Rh7 17. fxg5 Nxg5 18. Rh1 Rxh1 19. Qxh1 Bxe5 20. dxe5 Nfe4
21. Be3 Kd7 22. Qh5 Qh8 23. Qxh8 Rxh8 24. Rf1 Ke7 25. Bg4 b6 26. Rf4 Rg8 27. Bh5
Rh8 28. Bg4 Rh7 29. Bf3 1/2-1/2

[Event "China zt 3.5 2014"]
[Site "Zhongshan CHN"]
[Date "2014.10.29"]
[Round "4.22"]
[White "Li, Di"]
[Black "Yan, Xuesong"]
[Result "1-0"]
[WhiteTitle "FM"]
[WhiteElo "2189"]
[BlackElo "1900"]
[WhiteFideId "8607508"]
[BlackFideId "8609764"]
[EventDate "2014.10.26"]

1. d4 Nf6 2. c4 d6 3. Nc3 g6 4. e4 Bg7 5. Nf3 O-O 6. h3 Nc6 7. d5 Nb4 8. a3 Na6
9. Be3 Nc5 10. Bd3 Nxd3+ 11. Qxd3 Nd7 12. b4 e5 13. c5 f5 14. cxd6 cxd6 15. O-O
Nf6 16. Qe2 Nh5 17. Rac1 fxe4 18. Nxe4 Bf5 19. Ng3 Nxg3 20. fxg3 a6 21. Nd2 Rc8
22. Nc4 g5 23. g4 Bg6 24. Rfd1 e4 25. Qd2 h6 26. Bd4 Qe7 27. Ne3 Be5 28. Qb2
Rxc1 29. Rxc1 Bf4 30. Qc3 Be8 31. Nf5 Rxf5 32. gxf5 Bxc1 33. Qxc1 Kh7 34. Qc8
Qd7 35. Qb8 Kg8 36. g4 Kf7 37. Kf2 h5 38. Bb2 hxg4 39. hxg4 Kf8 40. Ke3 Ke7 41.
Kxe4 Qb5 42. Bf6+ Kxf6 43. Qxd6+ Kg7 44. Qe7+ Kh8 45. Ke5 Qe2+ 46. Kf6 Qb2+ 47.
Kxg5 Qg7+ 48. Qxg7+ Kxg7 49. Kf4 Kf6 50. g5+ Ke7 51. Ke5 Kd7 52. Kf6 Kd6 53. g6 1-0

[Event "China zt 3.5 2014"]
[Site "Zhongshan CHN"]
[Date "2014.10.29"]
[Round "4.23"]
[White "Yu, Xiangbo"]
[Black "Shen, Chenyi"]
[Result "1/2-1/2"]
[WhiteElo "2149"]
[BlackElo "2066"]
[WhiteFideId "8603782"]
[BlackFideId "8609071"]
[EventDate "2014.10.26"]

1. d4 e6 2. c4 Nf6 3. Nf3 b6 4. g3 Bb7 5. Bg2 Be7 6. O-O O-O 7. Nbd2 c5 8. dxc5
bxc5 9. b3 d6 10. Bb2 Nc6 11. Rc1 Qc7 12. Qc2 e5 13. e3 Nd7 14. Ne1 a5 15. Ne4
a4 16. Nc3 axb3 17. axb3 Nb4 18. Nb5 Qb6 19. Qd1 Bxg2 20. Kxg2 d5 21. Ba3 Nf6
22. Bxb4 cxb4 23. Nf3 dxc4 24. bxc4 Rfd8 25. Qe2 Nd7 26. Rb1 f6 27. Nc3 Qe6 28.
Nd5 Rab8 29. Rb3 Nb6 30. e4 Rdc8 31. Nd2 Nxd5 32. cxd5 Qb6 33. Qd3 Bc5 34. Nc4
Qb5 35. Nb2 Qa5 36. Nc4 Qb5 37. Nb2 Qa5 38. Nc4 Qb5 1/2-1/2

[Event "China zt 3.5 2014"]
[Site "Zhongshan CHN"]
[Date "2014.10.29"]
[Round "4.25"]
[White "Zhao, Zhouqiao CHN"]
[Black "Nie, Xinyang"]
[Result "1-0"]
[WhiteTitle "FM"]
[WhiteElo "2228"]
[BlackElo "1911"]
[WhiteFideId "8608342"]
[BlackFideId "8607222"]
[EventDate "2014.10.26"]

1. d4 f5 2. c4 Nf6 3. g3 e6 4. Nf3 d5 5. Bg2 c6 6. O-O Bd6 7. b3 Qe7 8. Bb2 O-O
9. Qc1 Nbd7 10. Ba3 b6 11. Bxd6 Qxd6 12. Qa3 Qxa3 13. Nxa3 Ba6 14. Rfc1 Rac8 15.
e3 Ne4 16. Bf1 Bb7 17. cxd5 cxd5 18. Nb5 a5 19. Na7 Rxc1 20. Rxc1 Ndf6 21. Ne5
Ng4 22. Nd7 Rf7 23. Rc7 Ngf6 24. Rxb7 Nxd7 25. Nc8 Ndf6 26. Rxb6 Rc7 27. Rc6 Ne8
28. Rxc7 Nxc7 29. Ne7+ Kf7 30. Nc6 a4 31. bxa4 Nc3 32. a5 Nxa2 33. a6 Nc3 34.
Bd3 Na4 35. Ne5+ Ke7 36. Kg2 Nb6 37. Kf3 Kf6 38. h3 g6 39. g4 Kg5 40. Kg3 Kf6
41. Kh4 h6 42. f4 Kg7 43. g5 h5 44. Kg3 Na4 45. Kf2 Nb2 46. Be2 Na4 47. Ke1 Nc3
48. a7 Na4 49. Bb5 Nb6 50. Bc6 Kh7 51. Kd2 Kg7 52. Kc3 Kh7 53. Kb4 Nc8 54. a8=Q
Nxa8 55. Bxa8 Nd6 56. Bc6 h4 57. Bd7 Ne4 58. Bxe6 Nf2 59. Bxd5 1-0

[Event "China zt 3.5 2014"]
[Site "Zhongshan CHN"]
[Date "2014.10.29"]
[Round "4.26"]
[White "Chen, Qi b"]
[Black "Yang, Yanqing"]
[Result "1-0"]
[WhiteElo "1925"]
[BlackElo "1992"]
[WhiteFideId "8614733"]
[BlackFideId "8613575"]
[EventDate "2014.10.26"]

1. e4 c5 2. Nf3 d6 3. d4 cxd4 4. Nxd4 Nf6 5. Nc3 a6 6. Bc4 e6 7. Bb3 b5 8. Bg5
Be7 9. Qf3 Bb7 10. Bxe6 fxe6 11. Nxe6 Qa5 12. Nxg7+ Kf7 13. Nf5 Nbd7 14. O-O-O
b4 15. Nd5 Bxd5 16. Nxd6+ Kg8 17. Bxf6 Bxf6 18. Rxd5 Qxa2 19. Qg4+ Kf8 20. Qxd7
Qxb2+ 21. Kd1 1-0

[Event "China zt 3.5 2014"]
[Site "Zhongshan CHN"]
[Date "2014.10.29"]
[Round "4.27"]
[White "Zhou, Xiangheng"]
[Black "Luanchen, Yuantai"]
[Result "1-0"]
[WhiteElo "1682"]
[BlackElo "1510"]
[WhiteFideId "8607907"]
[BlackFideId "8614644"]
[EventDate "2014.10.26"]

1. e4 c5 2. Nf3 d6 3. d4 cxd4 4. Nxd4 Nf6 5. Nc3 g6 6. Be3 Bg7 7. f3 O-O 8. Bc4
Nc6 9. Qd2 Bd7 10. O-O-O Rc8 11. Bb3 Na5 12. Kb1 Nc4 13. Bxc4 Rxc4 14. h4 h5 15.
g4 hxg4 16. Rdg1 gxf3 17. h5 Nxh5 18. Rxh5 gxh5 19. Bh6 Bg4 20. Qg5 1-0

[Event "China zt 3.5 2014"]
[Site "Zhongshan CHN"]
[Date "2014.10.30"]
[Round "5.1"]
[White "Xiu, Deshun"]
[Black "Bu, Xiangzhi"]
[Result "1/2-1/2"]
[WhiteTitle "GM"]
[BlackTitle "GM"]
[WhiteElo "2553"]
[BlackElo "2710"]
[WhiteFideId "8603693"]
[BlackFideId "8601445"]
[EventDate "2014.10.26"]

1. d4 d5 2. c4 c6 3. cxd5 cxd5 4. Bf4 Nc6 5. e3 Bf5 6. Qb3 Qd7 7. Nc3 e6 8. Nf3
f6 9. Bb5 Nge7 10. Na4 Ng6 11. Bg3 Bb4+ 12. Ke2 Be7 13. Rhc1 O-O 14. Kf1 Rac8
15. Rc3 h5 16. h3 e5 17. dxe5 Ngxe5 18. Nd4 Bxh3 19. Nc5 Bxc5 20. Rxc5 Bg4 21.
Rxd5 Qf7 22. Rc5 Nxd4 23. exd4 Be6 24. Qa3 Nc4 25. Bxc4 Bxc4+ 26. Kg1 b6 27.
Rxc8 Rxc8 28. Rc1 Re8 29. b3 Bd5 30. Qd6 Re6 31. Rc7 Rxd6 32. Rxf7 Kxf7 33. Bxd6
Be4 34. Bb8 a6 35. Ba7 b5 36. a4 Ke6 37. axb5 axb5 38. f3 Bd5 39. b4 Bc6 40. Bc5
Kd5 41. Kf2 Kc4 42. Ke3 g5 43. Be7 g4 44. fxg4 hxg4 45. g3 f5 1/2-1/2

[Event "China zt 3.5 2014"]
[Site "Zhongshan CHN"]
[Date "2014.10.30"]
[Round "5.3"]
[White "Zhao, Jun"]
[Black "Xu, Yinglun"]
[Result "1-0"]
[WhiteTitle "GM"]
[WhiteElo "2578"]
[BlackElo "2410"]
[WhiteFideId "8602522"]
[BlackFideId "8604940"]
[EventDate "2014.10.26"]

1. e4 c5 2. Nc3 Nc6 3. Bb5 d6 4. Bxc6+ bxc6 5. f4 e6 6. Nf3 Nf6 7. d3 Nd7 8. O-O
Be7 9. Kh1 O-O 10. Ne2 a5 11. c4 d5 12. Qc2 Qc7 13. Bd2 a4 14. Rae1 Nb6 15. Ng3
Bd6 16. e5 Be7 17. Nh5 Qd8 18. g4 g6 19. Ng3 f5 20. exf6 Bxf6 21. Bc3 Bxc3 22.
Qxc3 Rxf4 23. Ne5 Qg5 24. Rxf4 Qxf4 25. Rf1 d4 26. Qe1 Qe3 27. Qxe3 dxe3 28. Ne4
Rb8 29. Re1 Na8 30. Re2 Nc7 31. Nxc5 a3 32. b3 Na6 33. Nxa6 Bxa6 34. Kg2 c5 35.
Kf3 1-0

[Event "China zt 3.5 2014"]
[Site "Zhongshan CHN"]
[Date "2014.10.30"]
[Round "5.4"]
[White "Gao, Rui"]
[Black "Wan, Yunguo"]
[Result "1-0"]
[WhiteTitle "GM"]
[BlackTitle "IM"]
[WhiteElo "2523"]
[BlackElo "2489"]
[WhiteFideId "8602387"]
[BlackFideId "8603189"]
[EventDate "2014.10.26"]

1. e4 e6 2. d4 d5 3. Nc3 Bb4 4. Ne2 dxe4 5. a3 Be7 6. Nxe4 Nf6 7. Nxf6+ Bxf6 8.
Be3 Nc6 9. Qd2 Ne7 10. O-O-O Nd5 11. Nf4 Bd7 12. Nxd5 exd5 13. Bd3 O-O 14. h4
Re8 15. Kb1 Bg4 16. f3 Bh5 17. g4 Bg6 18. Bxg6 fxg6 19. Bf4 Rc8 20. g5 Be7 21.
h5 Bd6 22. hxg6 hxg6 23. Rh4 Bxf4 24. Qxf4 Qd6 25. Qg4 Re6 26. f4 Rce8 27. Qh3
Re3 28. Qh1 c6 29. Rf1 Qe6 30. f5 1-0

[Event "China zt 3.5 2014"]
[Site "Zhongshan CHN"]
[Date "2014.10.30"]
[Round "5.5"]
[White "Wang, Jue"]
[Black "Zhou, Jianchao"]
[Result "0-1"]
[WhiteTitle "WGM"]
[BlackTitle "GM"]
[WhiteElo "2353"]
[BlackElo "2580"]
[WhiteFideId "8604070"]
[BlackFideId "8603537"]
[EventDate "2014.10.26"]

1. e4 e5 2. Bc4 Nf6 3. Nc3 Bb4 4. Nf3 Bxc3 5. dxc3 d6 6. h3 Nbd7 7. Be3 O-O 8.
Qd3 b6 9. O-O-O Qe7 10. Rhe1 Nc5 11. Bxc5 bxc5 12. g4 Be6 13. Kb1 Rab8 14. Nd2
a5 15. Ka1 Rb6 16. f3 Rfb8 17. Rb1 a4 18. a3 Nd7 19. Bd5 Bxd5 20. exd5 Qh4 21.
Nc4 Rb5 22. f4 exf4 23. Re4 Qg3 24. Qf1 g5 25. Re7 Nf6 26. Rxc7 Nxd5 27. Rd7 Ne3
28. Qd3 Qf2 29. Nxe3 fxe3 30. Re7 c4 31. Qxe3 Qxe3 32. Rxe3 Re5 33. Rf3 Rbe8 34.
Rd1 Re1 35. Rxe1 Rxe1+ 36. Ka2 Kg7 37. Rf5 Re5 38. Rf2 Re3 39. Rf5 Re5 40. Rf2
h5 41. b3 cxb3+ 42. cxb3 Re3 43. gxh5 Rxc3 44. bxa4 Rxh3 45. a5 Rxh5 46. Kb3 g4
47. Kb4 f5 48. a6 Kf6 49. Kb5 g3 50. Rc2 f4+ 51. Kb6 Rh8 52. Kb7 f3 53. Rc3 f2
54. Rf3+ Ke5 0-1

[Event "China zt 3.5 2014"]
[Site "Zhongshan CHN"]
[Date "2014.10.30"]
[Round "5.6"]
[White "Yuan, Qingyu"]
[Black "Ma, Zhonghan"]
[Result "1-0"]
[WhiteElo "2358"]
[BlackElo "2471"]
[WhiteFideId "8609772"]
[BlackFideId "8607206"]
[EventDate "2014.10.26"]

1. e4 c5 2. Nf3 d6 3. d4 cxd4 4. Nxd4 Nf6 5. Nc3 a6 6. h3 g6 7. g4 Bg7 8. Be3
Nc6 9. Bg2 O-O 10. Qd2 Bd7 11. O-O-O Rc8 12. Bh6 Bxh6 13. Qxh6 Ne5 14. Nd5 Nxd5
15. exd5 Qa5 16. Kb1 Nc4 17. Rhe1 Qb4 18. Qc1 Rfe8 19. Ka1 Qc5 20. Re2 Nb6 21.
Nb3 Qc7 22. f4 Bb5 23. Rf2 Bc4 24. f5 Bxb3 25. axb3 Nd7 26. Rdf1 Rf8 27. h4 Ne5
28. Qf4 f6 29. Be4 Kg7 30. Kb1 Rf7 31. Rg2 Rg8 32. fxg6 hxg6 33. Rg3 Rh8 34. h5
g5 35. Qd2 Rff8 36. Bf5 Kh6 37. Be6 Rh7 38. Qd4 Qc5 39. Qe4 Rg7 40. Rc3 Qb6 41.
b4 Ra8 42. Rd1 Rh7 43. Rd4 Rg7 44. Ra3 Qb5 45. Rd1 Qb6 46. Ka1 Rh7 47. Rf1 Rg7
48. Rc1 Qb5 49. Qd4 Rh7 50. Kb1 Nc4 51. Rc3 Ne5 52. Re1 Rg7 53. Ra3 Nc4 54. Rc3
Ne5 55. Rg3 Rh7 56. Rc3 Rg7 57. Re4 Rh7 58. Ra3 Rg7 59. Ka2 Rh7 60. Ra5 Qe8 61.
Re3 Qd8 62. Rea3 Qc7 63. Rc3 Qd8 64. Kb1 b5 65. b3 Qe8 66. Qb6 Rh8 67. Rxa6 Rxa6
68. Qxa6 Qb8 69. Kb2 Kg7 70. Qa5 Rd8 71. Rc7 Kf8 72. Rb7 Qa8 73. Qc7 Re8 74.
Rxb5 1-0

[Event "China zt 3.5 2014"]
[Site "Zhongshan CHN"]
[Date "2014.10.30"]
[Round "5.7"]
[White "Lin, Chen"]
[Black "Zhang, Xiaopeng"]
[Result "1/2-1/2"]
[WhiteTitle "IM"]
[WhiteElo "2463"]
[BlackElo "2228"]
[WhiteFideId "8602298"]
[BlackFideId "8604037"]
[EventDate "2014.10.26"]

1. e4 c5 2. Nf3 d6 3. Nc3 Nf6 4. d4 cxd4 5. Nxd4 g6 6. Be2 Bg7 7. O-O O-O 8. Be3
Nc6 9. Qd2 Bd7 10. Rad1 Nxd4 11. Bxd4 Bc6 12. f3 Nd7 13. Bxg7 Kxg7 14. Qd4+ Kg8
15. Bc4 Qb6 16. Qxb6 Nxb6 17. Bb3 a5 18. a3 Nd7 19. Nd5 Bxd5 20. Bxd5 Rac8 21.
c3 1/2-1/2

[Event "China zt 3.5 2014"]
[Site "Zhongshan CHN"]
[Date "2014.10.30"]
[Round "5.8"]
[White "Jia, Haoxiang"]
[Black "Fang, Yan"]
[Result "0-1"]
[WhiteTitle "IM"]
[WhiteElo "2424"]
[BlackElo "2267"]
[WhiteFideId "8602999"]
[BlackFideId "8604746"]
[EventDate "2014.10.26"]

1. b3 e5 2. Bb2 Nc6 3. e3 g6 4. Bb5 Bg7 5. Bxc6 dxc6 6. d3 Ne7 7. Nd2 Be6 8. Ne2
O-O 9. O-O a5 10. e4 c5 11. f4 f6 12. a4 Qd7 13. Qe1 Nc6 14. Qf2 b6 15. f5 Bf7
16. Nf3 gxf5 17. exf5 Qxf5 18. Ng3 Qd7 19. Nh4 Nd4 20. Rae1 Bg6 21. Bxd4 Qxd4
22. Ngf5 Qxf2+ 23. Rxf2 Rfe8 24. Re4 Rad8 25. Rf3 Bf8 26. Rg4 Kf7 27. Nxg6 hxg6
28. Nh4 Rd4 29. Rfg3 Rxg4 30. Rxg4 Bh6 31. h3 Bg5 32. Kf2 Bxh4+ 33. Rxh4 Kg7 34.
Re4 f5 35. Re2 Kf6 36. Kf3 Rd8 37. Ke3 Rd4 38. Re1 e4 39. Kd2 c6 40. g3 b5 41.
axb5 cxb5 42. Kc3 a4 43. bxa4 bxa4 44. Ra1 g5 45. Rb1 Rb4 46. Re1 a3 47. Ra1 e3
48. Rxa3 Rb1 49. Ra6+ Ke7 0-1

[Event "China zt 3.5 2014"]
[Site "Zhongshan CHN"]
[Date "2014.10.30"]
[Round "5.9"]
[White "Bao, Qilin"]
[Black "Wang, Yiye"]
[Result "0-1"]
[BlackTitle "IM"]
[WhiteElo "2249"]
[BlackElo "2422"]
[WhiteFideId "8605750"]
[BlackFideId "8606021"]
[EventDate "2014.10.26"]

1. c4 c5 2. Nf3 Nc6 3. Nc3 g6 4. d4 cxd4 5. Nxd4 Bg7 6. Nc2 Nf6 7. e4 d6 8. Be2
O-O 9. Be3 Nd7 10. Qd2 Nc5 11. f3 a5 12. O-O a4 13. Rfd1 Qa5 14. Rac1 Be6 15.
Na3 Rfc8 16. Bf1 Nb4 17. Qf2 Nd7 18. f4 Bg4 19. Rd2 Nc5 20. Qh4 Be6 21. Nab5 Bf6
22. Qf2 Nxa2 23. Nxa2 Nxe4 24. Qe1 Nxd2 25. Bxd2 Qd8 26. Bc3 Qb6+ 27. Kh1 Bxc4
28. Bxf6 Bxf1 29. Qxf1 Rxc1 30. Qxc1 Qxb5 31. Bc3 Qb3 32. Nb4 a3 33. h3 a2 34.
Nxa2 Qxa2 35. Qe3 Qc4 36. Kh2 Ra4 37. g3 Qe4 0-1

[Event "China zt 3.5 2014"]
[Site "Zhongshan CHN"]
[Date "2014.10.30"]
[Round "5.10"]
[White "Lei, Tingjie"]
[Black "Xiang, Zeyu"]
[Result "1/2-1/2"]
[WhiteTitle "WGM"]
[WhiteElo "2421"]
[BlackElo "2107"]
[WhiteFideId "8605114"]
[BlackFideId "8608547"]
[EventDate "2014.10.26"]

1. Nf3 Nf6 2. g3 g6 3. Bg2 Bg7 4. O-O d5 5. c4 O-O 6. cxd5 Nxd5 7. d4 Nb6 8. Nc3
Nc6 9. d5 Na5 10. e4 c6 11. Bf4 Nac4 12. Qe2 Nxb2 13. Qxb2 Na4 14. Qc2 Nxc3 15.
Be5 Bxe5 16. Nxe5 Nb5 17. a4 Nd4 18. Qc4 c5 19. a5 Qc7 20. Nd3 Bd7 21. Qxc5 Qxc5
22. Nxc5 Bb5 23. Rfb1 b6 24. Nb3 Nxb3 25. Rxb3 Bc4 26. Rc3 b5 27. Bf1 Bxf1 28.
Kxf1 f5 29. e5 Rfd8 30. Rc5 a6 31. Ke2 b4 32. Kd3 b3 33. Rb1 Rab8 34. Kc3 Rdc8
35. Rxc8+ Rxc8+ 36. Kxb3 Rc5 37. Ka4 Rxd5 38. f4 g5 39. fxg5 Rxe5 40. Rb6 Re4+
41. Kb3 Re1 42. Rxa6 Ra1 43. Kc4 Kf7 44. Kd5 e6+ 45. Kd6 Kg6 46. Ra8 Kxg5 47.
Kxe6 Kg4 48. a6 Ra5 49. Ra7 h5 50. Rg7+ Kh3 51. a7 Kxh2 52. Kd6 Kh3 53. Kc6 Rxa7
54. Rxa7 Kxg3 55. Kd5 h4 56. Ke5 h3 57. Ra3+ Kg2 58. Kf4 h2 59. Ra2+ Kh3 1/2-1/2

[Event "China zt 3.5 2014"]
[Site "Zhongshan CHN"]
[Date "2014.10.30"]
[Round "5.11"]
[White "Chu, Wei Chao"]
[Black "Lin, Yi"]
[Result "1-0"]
[WhiteTitle "IM"]
[WhiteElo "2369"]
[BlackElo "2013"]
[WhiteFideId "8605661"]
[BlackFideId "8609659"]
[EventDate "2014.10.26"]

1. d4 Nf6 2. c4 g6 3. Nc3 d5 4. cxd5 Nxd5 5. e4 Nxc3 6. bxc3 Bg7 7. Bc4 c5 8.
Ne2 O-O 9. O-O Nc6 10. Be3 Bg4 11. f3 Na5 12. Bd3 cxd4 13. cxd4 Be6 14. d5 Bxa1
15. Qxa1 f6 16. Qb1 Bf7 17. Rc1 Kg7 18. Qb4 b6 19. Ba6 e5 20. Nc3 Be8 21. Bh6+
Kxh6 22. Qxf8+ Kh5 23. g4+ 1-0

[Event "China zt 3.5 2014"]
[Site "Zhongshan CHN"]
[Date "2014.10.30"]
[Round "5.12"]
[White "Ju, Wenjun"]
[Black "Wu, Xibin"]
[Result "1-0"]
[WhiteTitle "WGM"]
[BlackTitle "IM"]
[WhiteElo "2582"]
[BlackElo "2278"]
[WhiteFideId "8603006"]
[BlackFideId "8600309"]
[EventDate "2014.10.26"]

1. d4 e6 2. c4 c5 3. d5 exd5 4. cxd5 d6 5. Nc3 g6 6. Nf3 Bg7 7. g3 Ne7 8. Bg2 a6
9. a4 O-O 10. O-O Nf5 11. Bf4 Re8 12. Qd2 Nd7 13. Rab1 Ne5 14. Nxe5 dxe5 15. Be3
c4 16. b3 cxb3 17. Rxb3 Nd4 18. Rb2 Rb8 19. f4 b5 20. fxe5 Nf5 21. Bf4 b4 22.
Ne4 Qb6+ 23. Kh1 Bxe5 24. Bxe5 Rxe5 25. Qf4 Rxe4 26. Bxe4 Nd6 27. Bg2 a5 28. e4
Ba6 29. Rc1 Nc4 30. Rf2 Rf8 31. Kg1 f6 32. Bf1 Ne5 33. Bxa6 Qxa6 34. Qe3 Ng4 35.
Qe2 Qxe2 36. Rxe2 Rb8 37. Rc5 b3 38. Rb2 Rb4 39. Rxa5 Kg7 40. d6 Kf7 41. Rd5 Ke8
42. d7+ Kd8 43. a5 1-0

[Event "China zt 3.5 2014"]
[Site "Zhongshan CHN"]
[Date "2014.10.30"]
[Round "5.13"]
[White "Li, Hanbin"]
[Black "Wang, Chen"]
[Result "0-1"]
[BlackTitle "IM"]
[WhiteElo "2257"]
[BlackElo "2508"]
[WhiteFideId "8602670"]
[BlackFideId "8601020"]
[EventDate "2014.10.26"]

1. e4 c5 2. Nf3 e6 3. d4 cxd4 4. Nxd4 a6 5. Nc3 b5 6. Bd3 Qb6 7. Be3 Bc5 8. Be2
Nc6 9. Nxc6 dxc6 10. Bxc5 Qxc5 11. Qd3 e5 12. O-O-O Be6 13. Qg3 Nf6 14. Qxg7 Ke7
15. Qh6 Rhg8 16. Kb1 Rxg2 17. Rhf1 Rag8 18. Qh4 R2g5 19. f4 exf4 20. Rxf4 Qe5
21. Rdf1 R8g6 22. Bd3 Rg4 23. Rxg4 Rxg4 24. Qf2 Nd7 25. Ne2 Qf6 26. Qe1 Qh4 27.
Qa5 Qxh2 28. Qxa6 Qd6 29. Qa7 h5 30. Qf2 Nc5 31. Qf6+ Kd7 32. e5 Qe7 33. Qf2 Rg5
34. Qe3 Rxe5 0-1